000 02402nam a2200529 c 4500
003 BLK
005 20200609091307.0
008 180408b bul|||||r ||||||| ||bul||
010 _aKNG00083471000
020 _a978-954-616-182-6
_bиздат.: ГорексПрес
040 _aBLK
041 _aBUL
_cBUL
072 7 _2bullib
_aЕ
_xКартотека "Европейски съюз"
080 _aЕвропейски съюз (икон. аспекти)
_b339.923:061.1ЕС
_x
_z339.923:061.1ЕС
080 _aЕвропейски съюз - политически аспекти
_b327.7:061.1ЕС
_x
_z327.7:061.1ЕС
700 1 _aКостадинов, Емил
_eсъстав.
_9298987
700 1 _aХубчев, Пенчо
_eсъстав.
_9371032
139 _aБългария в Европейския съюз - мерки за сближаване
_bБ 92
245 1 0 _aБългария в Европейския съюз - мерки за сближаване
_bДискусионен форум Бъдещи лидери
_cсъстав. Емил Костадинов; състав. Пенчо Хубчев.
246 1 1 _aBulgarien in der Europaischen Union - massnahmen zur annaherung
257 _aBGR
260 София
_bГорексПрес
_c2007
300 _a180 с.
_bс табл.
_c20 см
380 _a3
500 _aИзд. на Фонд. Фридрих Еберт ; Инст. за полит. и правни изследвания
650 4 _aБългария и Европейски съюз
_9257539
650 4 _aЕвропейски съюз - програми
_9274379
650 4 _aЕвропейска безопасност
_9281947
651 4 _aБългария
_9241624
651 4 _aЕвропейски съюз
_9258188
653 _aевропейски програми и проекти
653 _aоперативни програми
653 _aСтруктурни фондове
653 _aрегионално развитие
653 _aоколна среда
653 _aкорупция
653 _aорганизирана престъпност
653 _aздравеопазване
653 _aБългария
653 _aЕвропейски съюз
659 _aЕ
852 _aЦб 239836
856 4 _qpdf
_u
856 4 _qpdf
_u
942 _cKNG
_n0
_02
944 _aCR
_c23.04.2008
_kЛюдмила_Стоянова
944 _aED
_c22.07.2008
_k
999 _c79003
_d79003